Los exploradores españoles del siglo XVI: vindicación de la acción colonizadora en América
Uloženo v:
| Hlavní autor: | |
|---|---|
| Médium: | Kniha |
| Jazyk: | španělština |
| Vydáno: |
Barcelona, España
Araluce
1926
|
| Vydání: | Décima edición |
| Témata: | |
| Tagy: |
Přidat tag
Žádné tagy, Buďte první, kdo vytvoří štítek k tomuto záznamu!
|
MARC
| LEADER | 00000nam a2200000 a 4500 | ||
|---|---|---|---|
| 001 | UCO2839 | ||
| 003 | CL-VaPUC | ||
| 005 | 20220106074425.0 | ||
| 008 | 000608e19260000SP |||||||||||||||||spa|d | ||
| 999 | |c 289332 |d 289330 | ||
| 040 | |c Pontificia Universidad Católica de Valparaíso | ||
| 082 | 0 | 4 | |a 980.013 LUM 1926 |2 21 |
| 100 | |a Lummis, Charles Fletcher |e autor |9 527664 | ||
| 245 | 1 | 4 | |a Los exploradores españoles del siglo XVI: |b vindicación de la acción colonizadora en América |
| 250 | |a Décima edición | ||
| 260 | |a Barcelona, España |b Araluce |c 1926 | ||
| 300 | |a 236 páginas | ||
| 583 | |a last modification |c 20160817 04:53:12 |k Rodrigo Vera | ||
| 650 | 7 | |a HISTORIA DE AMERICA |2 CL-VaPUC |9 317731 |y SIGLO 16 | |
| 650 | 7 | |a EXPLORADORES |2 CL-VaPUC |9 314661 |z ESPAÑA | |
| 650 | 7 | |a CONQUISTADORES |2 CL-VaPUC |9 446513 |z AMERICA | |
| 650 | 0 | |a Misioneros |z AMERICA |9 324171 | |
| 852 | |a BIBCUR | ||
| 942 | |c BK |2 ddc | ||
| 945 | |d 20000608 00:00:00 |a rherrera | ||
| 952 | |0 0 |1 0 |2 ddc |4 0 |6 980_013000000000000_LUM_1926 |7 0 |8 X |9 337651 |a BIBHIS |b BIBHIS |d 2019-11-20 |i 1288091 |o 980.013 LUM 1926 |p 1288091 |r 2024-01-30 |t 1 |w 2019-11-20 |y BK_X |k HIS | ||